| 000 | 00452nam a2200145Ia 4500 | ||
|---|---|---|---|
| 008 | 231129s1995||||xx |||||||||||||| ||spa|| | ||
| 020 | _a958-28-0786-5 | ||
| 040 | _bspa | ||
| 082 | _a616.95 P939z | ||
| 100 | _aPreston Richard | ||
| 245 | 0 | _aZona caliente: Un documento estremecedor sobre los VIRUS que pueden acabar con la vida humana | |
| 260 | _c1995 | ||
| 264 | _aCírculo de Lectores | ||
| 942 |
_2ddc _cBKS |
||
| 999 |
_c26540 _d26540 |
||